Василий Кандинский (Запись № 12014326)

Подробности
000 -МАРКЕР
контрольное поле 01929nam0a2200421 4500
001 - ИДЕНТИФИКАТОР ЗАПИСИ
контрольное поле RU\NLR\BIBL_A\011504853
005 - ИДЕНТИФИКАТОР ВЕРСИИ
контрольное поле 20260406092409.0
010 ## - МЕЖДУНАРОДНЫЙ СТАНДАРТНЫЙ НОМЕР КНИГИ (ISBN)
Номер (ISBN) 978-5-91103-224-1
035 ## - ДРУГИЕ СИСТЕМНЫЕ НОМЕРА
Идентификатор записи (NILC)LIBNET\0000518609
035 ## - ДРУГИЕ СИСТЕМНЫЕ НОМЕРА
Идентификатор записи (NLR Aleph) 011504853
100 ## - ДАННЫЕ ОБЩЕЙ ОБРАБОТКИ
Данные общей обработки 20171023d2015 |||y0rusy50 ca
101 0# - ЯЗЫК РЕСУРСА
Язык текста, звукозаписи и т.д. русский
-- английский
102 ## - СТРАНА ПУБЛИКАЦИИ ИЛИ ПРОИЗВОДСТВА
Страна публикации Российская Федерация
105 ## - ПОЛЕ КОДИРОВАННЫХ ДАННЫХ: ТЕКСТОВЫЕ МАТЕРИАЛЫ, МОНОГРАФИЧЕСКИЕ
Кодированные данные о монографическом текстовом документе a|||z|||000zy
200 1# - ЗАГЛАВИЕ И СВЕДЕНИЯ ОБ ОТВЕТСТВЕННОСТИ
Основное заглавие Василий Кандинский
Параллельное заглавие Wassily Kandinsky
Первые сведения об ответственности Борис Гройс
Язык параллельного заглавия английский
210 ## - ПУБЛИКАЦИЯ, РАСПРОСТРАНЕНИЕ И ДР.
Место издания, распространения и т.д. Москва
Имя издателя, распространителя и т. д. Ад Маргинем Пресс [и др.]
Дата издания, распространения и т.д. 2015
215 ## - ФИЗИЧЕСКАЯ ХАРАКТЕРИСТИКА
Специфическое обозначение материала и объем 51 с.
Другие сведения о физической характеристике цв. ил.
Размеры 15
225 1# - СЕРИЯ
Основное заглавие серии Серия Имена
225 1# - СЕРИЯ
Основное заглавие серии Names project
300 ## - ОБЩИЕ ПРИМЕЧАНИЯ
Текст примечания На 5-й с. загл.: Василий Кандинский как учитель
300 ## - ОБЩИЕ ПРИМЕЧАНИЯ
Текст примечания Автор также на английском языке: Boris Groys
300 ## - ОБЩИЕ ПРИМЕЧАНИЯ
Текст примечания Текст параллельный русский, английский
320 ## - ПРИМЕЧАНИЯ О НАЛИЧИИ В ДОКУМЕНТЕ БИБЛИОГРАФИИ / УКАЗАТЕЛЯ
Текст примечания Библиогр.: с. 16
510 1# - ПАРАЛЛЕЛЬНОЕ ЗАГЛАВИЕ
Связь между полями z02790
Параллельное заглавие Wassily Kandincky
Язык заглавия английский
517 1# - ДРУГИЕ ВАРИАНТЫ ЗАГЛАВИЯ
Вариант заглавия Василий Кандинский как учитель
600 #1 - ИМЯ ЛИЦА КАК ПРЕДМЕТ
Начальный элемент ввода Кандинский
Часть имени, кроме начального элемента ввода В. В.
Даты 1866 - 1944
Расширение инициалов личного имени Василий Васильевич
Системный номер авторитетной/нормативной записи 895790
Идентификатор авторитетной/нормативной записи RU\NLR\AUTH\66324832
686 ## - ИНДЕКСЫ ДРУГИХ КЛАССИФИКАЦИЙ
Индекс 85.103(2=411.2)6-8Кандинский В.В.
Издание LBC/M
Код системы
686 1# - ИНДЕКСЫ ДРУГИХ КЛАССИФИКАЦИЙ
Индекс Щ143(2Р=Рус)53-8Кандинский
700 #1 - ИМЯ ЛИЦА - ПЕРВИЧНАЯ ОТВЕТСТВЕННОСТЬ
Графика поля Кириллица
Материалы, к которым относится поле rus
Начальный элемент ввода Гройс
Часть имени, кроме начального элемента ввода Б. Е.
Даты 1947-
Расширение инициалов личного имени Борис Ефимович
Системный номер авторитетной/нормативной записи 175617
Идентификатор авторитетной/нормативной записи RU\NLR\AUTH\770175668
702 #1 - ИМЯ ЛИЦА - ВТОРИЧНАЯ ОТВЕТСТВЕННОСТЬ
Код отношения Прочие
Графика поля Кириллица
Материалы, к которым относится поле rus
Начальный элемент ввода Кандинский
Часть имени, кроме начального элемента ввода В. В.
Даты 1866-1944
Расширение инициалов личного имени Василий Васильевич
Системный номер авторитетной/нормативной записи 46142
Идентификатор авторитетной/нормативной записи RU\NLR\AUTH\77046145
790 #1 - ИМЯ ЛИЦА - АЛЬТЕРНАТИВНАЯ ФОРМА
Графика поля Латинская
Материалы, к которым относится поле rus
Начальный элемент ввода Grojs
Часть имени, кроме начального элемента ввода B. E.
Даты 1947-
Расширение инициалов личного имени Boris Efimovič
Системный номер авторитетной/нормативной записи 186331
Идентификатор авторитетной/нормативной записи RU\NLR\AUTH\770186382
801 #0 - ИСТОЧНИК ЗАПИСИ
Страна Российская Федерация
Организация ГУНБ Красноярского края
Дата составления 20150206
Правила каталогизации rcr
942 ## - ДОПОЛНИТЕЛЬНЫЕ ЭЛЕМЕНТЫ ЗАПИСИ (АБИС)
Тип экземпляра АБИС Книга
980 ## - КОЛЛЕКЦИЯ
Название коллекции НБР
980 ## - КОЛЛЕКЦИЯ
Название коллекции Национальная библиография
Экземпляры
Тип экземпляра Дата поступления Источник поступления Стоимость Библиотека постоянного хранения Библиотека текущего хранения Место хранения Шифр хранения Штрих-код Статус экземпляра
Книга 23.10.2017 Покупка 192.00 РНБ (Московский) РНБ (Московский) Русский книжный фонд: издания с 1957 года 2018-1/136 1-2215392